| 000 | 00633nam a2200205Ia 4500 | ||
|---|---|---|---|
| 003 | OSt | ||
| 005 | 20250926161035.0 | ||
| 008 | 210210b2000 xxu||||| |||| 00| 0 eng d | ||
| 040 | _cAL | ||
| 041 | _aKannada | ||
| 082 | _aK494.3 PRAP | ||
| 100 |
_aPRAKASH (B R) mattu MADHUSUDAN (N). _dಪ್ರಕಾಶ್ (ಬಿ ಅರ್) ಮತ್ತು ಮಧುಸೂದನ್ (ಎನ್) _9240696 |
||
| 245 |
_aPada sanchaya. _bಪದ ಸಂಚಯ |
||
| 260 |
_aBengaluru _bAnkita Pustaka _c2000 |
||
| 300 | _a112 | ||
| 650 |
_aKannada Thesaures _9240697 |
||
| 690 |
_aKannada Dictionary _9240698 |
||
| 906 | _a058993 | ||
| 942 |
_2ddc _cBK |
||
| 999 |
_c106272 _d106272 |
||